000 00884nam a2200241Ia 4500
003 GCL
008 140319s9999 xx 000 0 ara d
020 _a2835305977
040 _aGCL /
_cGCL
082 0 4 _a792.9
_bج ح
100 1 _aسامى خشبة
245 1 0 _aحالة المسرح اللاتينى فى الولايات المتحدة :
_bالتهجين وانتقال الثقافة والهوية /
_cسامى خشبة
700 1 _aجارسيا, لويس راموس
700 1 _aمحمد سيد على
250 _aالاولى
260 _aالقاهرة :
_bالمجلس الاعلى للاثار ،
_c2002
300 _a391 ص ؛
_c24 سم
650 0 4 _aالفنون المسرحية
650 0 4 _aالتمثيل فى المسرح
650 0 4 _aالمسرح الامريكى
650 0 4 _aالمسرح - امريكا الجنوبية
942 _2ddc
_cBK
999 _c42236
_d42236